Fr. Conceicao Rodrigues College of Engineering

Learning OpenCV 3 Application development (Record no. 23201)

MARC details
000 -LEADER
fixed length control field 00348nam a2200169Ia 4500
082 ## - DEWEY DECIMAL CLASSIFICATION NUMBER
Classification number 621.367
Item number DAT
100 ## - MAIN ENTRY--PERSONAL NAME
Personal name Datta/Samyak
245 ## - TITLE STATEMENT
Title Learning OpenCV 3 Application development
260 ## - PUBLICATION, DISTRIBUTION, ETC.
Name of publisher, distributor, etc. PACKT
Date of publication, distribution, etc. 2016
366 ## - TRADE AVAILABILITY INFORMATION
Publishers's discount category 20
300 ## - PHYSICAL DESCRIPTION
Extent 297
546 ## - LANGUAGE NOTE
Language note ENGLISH
650 ## - SUBJECT ADDED ENTRY--TOPICAL TERM
Topical term or geographic name entry element OPEN CV
654 ## - SUBJECT ADDED ENTRY--FACETED TOPICAL TERMS
Focus term open cv
942 ## - ADDED ENTRY ELEMENTS (KOHA)
Koha item type BOOK
Holdings
Withdrawn status Lost status Damaged status Not for loan Collection Home library Current library Date acquired Source of acquisition Cost, normal purchase price Inventory number Total Checkouts Full call number Barcode Date last seen Cost, replacement price Price effective from Koha item type
        CRC Fr. Agnel's C.Rodrigues College of Engineering Fr. Agnel's C.Rodrigues College of Engineering 17/03/2023 Allied Publisher 799.20 354 dt 10.07.2018   621.367 DAT 25324 17/03/2023 999.00   BOOK
        CRC Fr. Agnel's C.Rodrigues College of Engineering Fr. Agnel's C.Rodrigues College of Engineering 17/03/2023 Allied Publisher 799.20 354 dt 10.07.2018   621.367 DAT 25325 17/03/2023 999.00   BOOK